[Event "ROM-ch U14"]
[Site "Calimanesti"]
[Date "2014.04.11"]
[Round "7"]
[White "Ilisei, Aurel Andrei"]
[Black "Serbulet, Andrei Madalin"]
[Result "1-0"]
[WhiteElo "1001"]
[BlackElo "1001"]
[PlyCount "122"]
[EventDate "2014.04.06"]
[EventType "swiss"]
[EventRounds "9"]
[EventCountry "ROU"]
[SourceTitle "CBM 160 Extra"]
[Source "ChessBase"]
[SourceDate "2014.07.01"]
[SourceVersion "1"]
[SourceVersionDate "2014.07.01"]
[SourceQuality "1"]

1. e4 c5 2. c4 e6 3. Nc3 Nf6 4. d3 Be7 5. Be3 Qb6 6. b3 Nc6 7. Na4 Qa5+ 8. Bd2 Qa6 9. Be3 0-0 10. Qd2 Nb4 11. Nxc5 Bxc5 12. Bxc5 d6 13. Bxb4 Rd8 14. Bc3 e5 15. g3 Qb6 16. Ba5 Qd4 17. Qc3 Qxc3+ 18. Bxc3 Ng4 19. Bh3 Re8 20. Bxg4 Bxg4 21. f3 Bd7 22. Bb4 Re6 23. Ne2 b5 24. Rc1 Rf6 25. Rf1 a5 26. Ba3 Bh3 27. Rf2 b4 28. Bb2 a4 29. Ra1 axb3 30. axb3 Rxa1+ 31. Bxa1 Re6 32. f4 exf4 33. Nxf4 Rh6 34. Nxh3 Rxh3 35. Ke2 Rh6 36. h4 Re6 37. Bd4 Re8 38. c5 dxc5 39. Bxc5 Ra8 40. Bxb4 Rb8 41. Bd2 Rxb3 42. Rf3 Rb2 43. d4 Rb8 44. g4 Rd8 45. d5 Re8 46. Ke3 Re5 47. Rf5 Re7 48. h5 g6 49. hxg6 hxg6 50. Rf3 f5 51. gxf5 gxf5 52. Rxf5 Rh7 53. Kd4 Rh2 54. Bf4 Ra2 55. d6 Ra4+ 56. Ke5 Ra5+ 57. Ke6 Ra8 58. d7 Rd8 59. Bc7 Rf8 60. d8Q Rxd8 61. Bxd8 Kg7 1-0

[Event "ROM-ch U14"]
[Site "Calimanesti"]
[Date "2014.04.09"]
[Round "4"]
[White "Brindea, Claudiu Gabriel"]
[Black "Ilisei, Aurel Andrei"]
[Result "1-0"]
[WhiteElo "1106"]
[BlackElo "1001"]
[PlyCount "43"]
[EventDate "2014.04.06"]
[EventType "swiss"]
[EventRounds "9"]
[EventCountry "ROU"]
[SourceTitle "CBM 160 Extra"]
[Source "ChessBase"]
[SourceDate "2014.07.01"]
[SourceVersion "1"]
[SourceVersionDate "2014.07.01"]
[SourceQuality "1"]

1. e4 e5 2. Nf3 Nf6 3. Nc3 d6 4. Bc4 Be6 5. d3 g6 6. Bg5 Bg7 7. 0-0 0-0 8. Nd5 Bxd5 9. Bxd5 h6 10. Bxf6 Qxf6 11. Bxb7 Nd7 12. Bxa8 Rxa8 13. c3 c5 14. b4 a6 15. a4 Qe6 16. b5 a5 17. c4 Nb6 18. Qd2 f5 19. Rad1 Nxa4 20. Ra1 Nb6 21. Rxa5 Rxa5 22. Qxa5 1-0